Giáo trình ô nhiễm môi trường đất và biện pháp xử lý
Hệ thống những kiến thức cơ bản về sinh thái - môi trường đất và các vấn đề về ô nhiễm môi trường đất trong bối cảnh của biến đổi khí hậu và công nghiệp hoá hiện đại hoá. Trình bày các loại hình ô nhiễm môi trường đất, tác độ...
Сохранить в:
| Главный автор: | |
|---|---|
| Формат: | |
| Язык: | Undetermined |
| Опубликовано: |
H.
Giáo dục Việt Nam
2010
|
| Предметы: | |
| Online-ссылка: | http://lrc.tdmu.edu.vn/opac/search/detail.asp?aID=2&ID=7200 |
| Метки: |
Добавить метку
Нет меток, Требуется 1-ая метка записи!
|
| Thư viện lưu trữ: | Trung tâm Học liệu Trường Đại học Thủ Dầu Một |
|---|
| LEADER | 01473nam a2200205Ia 4500 | ||
|---|---|---|---|
| 001 | TDMU_7200 | ||
| 008 | 210410s9999 xx 000 0 und d | ||
| 082 | |a 363.739 | ||
| 090 | |b L250 | ||
| 100 | |a Lê, Văn Khoa | ||
| 245 | 0 | |a Giáo trình ô nhiễm môi trường đất và biện pháp xử lý | |
| 245 | 0 | |c Lê Văn Khoa;Nguyễn Xuân Cự;Trần Thiện Cường | |
| 260 | |a H. | ||
| 260 | |b Giáo dục Việt Nam | ||
| 260 | |c 2010 | ||
| 300 | |a 251tr | ||
| 520 | |a Hệ thống những kiến thức cơ bản về sinh thái - môi trường đất và các vấn đề về ô nhiễm môi trường đất trong bối cảnh của biến đổi khí hậu và công nghiệp hoá hiện đại hoá. Trình bày các loại hình ô nhiễm môi trường đất, tác động của hoạt động nông nghiệp, hoá chất nguy hại, các dạng tồn tại của sự di chuyển các chất gây ô nhiễm trong môi trường đất. Đánh giá rủi ro môi trường đất và các biện pháp xử lý ô nhiễm môi trường đất | ||
| 650 | |a Ô nhiễm; Môi trường đất; Giáo trình; Giải pháp; Xử lý | ||
| 856 | |u http://lrc.tdmu.edu.vn/opac/search/detail.asp?aID=2&ID=7200 | ||
| 980 | |a Trung tâm Học liệu Trường Đại học Thủ Dầu Một | ||